00359nam a22000977a 4500008004100000082001900041100003300060245011700093260004200210300000900252230623b xxu||||| |||| 00| 0 eng d a330.97 bMOFEP cCentral Bureau of Statistics aEconomic Survey 1968bPrepared by the Central Bureau of Statistics Ministry of planning and National Development aNairobibCentral Bureau of Statistics a157p